000 00663nam a2200265Ia 4500
005 20260121124414.0
008 008 260114s9999 xx 000 0 eng d
020 _a9780520943377
037 _aEBOOK
040 _aCRL
040 _beng
040 _cCRL
041 _2eng
041 _aeng
084 _qCRL
100 _aRao, Anupama
_9975447
245 4 _aThe Caste Question: Dalits and the Politics of Modern India
260 _bUniversity of California Press
260 _bWalter de Gruyter
260 _c2009
856 _uhttp://www.degruyter.com/isbn/9780520943377
942 _cEBOOK
999 _c1554335
_d1554335